Phương pháp giảng dạy vật lý phân tử trong trường phổ thông Sách dùng cho giáo viên

Zapisane w:
Opis bibliograficzny
1. autor: Renikov,L.I
Kolejni autorzy: G.B.Kuperman, Phó Đức Hoan (Dịch), S.Ja.Shamash
Format: Książka
Wydane: H. Giáo dục 1981
Hasła przedmiotowe:
Etykiety: Dodaj etykietę
Nie ma etykietki, Dołącz pierwszą etykiete!
Thư viện lưu trữ: Trung tâm Học liệu Lê Vũ Hùng, Trường Đại học Đồng Tháp
LEADER 01149pam a22002898a 4500
001 00020922
005 20171026081022.0
008 110520s1981 ||||||Viesd
041 0 # |a Vie 
082 1 4 |a 539.707 1  |b PH561PH 
100 0 # |a Renikov,L.I 
245 0 0 |a Phương pháp giảng dạy vật lý phân tử trong trường phổ thông  |b Sách dùng cho giáo viên  |c L.I.Renikov, S.Ja.Shamash, G.B.Kuperman; Phó Đức Hoan 
260 # # |a H.  |b Giáo dục  |c 1981 
300 # # |a 104 tr.  |c 21 cm. 
650 # 4 |a Phương pháp giảng dạy 
650 # 4 |a Sách giáo viên 
653 # # |a Phổ thông cơ sở 
653 # # |a Vật lý phân tử 
700 0 # |a G.B.Kuperman 
700 0 # |a Phó Đức Hoan  |e Dịch 
700 0 # |a S.Ja.Shamash 
852 # # |b Kho giáo trình  |j KGT.0004924, KGT.0004925, KGT.0004926, KGT.0004927 
852 # # |b Kho mượn  |j KGT.0004924 
852 # # |b Kho đọc  |j KD.0006777 
852 # # |j KD.0006777  |j KGT.0004924  |j KGT.0004926  |j KGT.0004927  |j KGT.0004925 
910 0 # |a kìm  |d 20/05/2011 
980 # # |a Trung tâm Học liệu Lê Vũ Hùng, Trường Đại học Đồng Tháp